Second voyage du `Fram` de Nansen (Record no. 149061)

MARC details
000 -LEADER
campo de control de longitud fija 00588nam a2200169 4500
001 - NÚMERO DE CONTROL
campo de control 149061
003 - IDENTIFICADOR DE NÚMERO DE CONTROL
campo de control ES-MaACL
005 - FECHA Y HORA DE LA ÚLTIMA TRANSACCIÓN
campo de control 20230906202931.0
007 - CAMPO FIJO DE DESCRIPCIÓN FÍSICA--INFORMACIÓN GENERAL
campo de control de longitud fija t|
008 - DATOS DE LONGITUD FIJA--INFORMACIÓN GENERAL
campo de control de longitud fija 070214q1903 fr r ||||1| fre d
100 1# - ENTRADA PRINCIPAL--NOMBRE DE PERSONA
Nombre de persona Sverdrup, Otto.
9 (RLIN) 108902
245 10 - MENCIÓN DEL TÍTULO
Título Second voyage du `Fram` de Nansen
Resto del título : quatre années dans les glaces du Pôle /
Mención de responsabilidad, etc. Otto Sverdrup ; traduit et abrégé par Charles Rabot.
260 ## - PUBLICACIÓN, DISTRIBUCIÓN, ETC.
Lugar de publicación, distribución, etc. Paris :
Nombre del editor, distribuidor, etc. E. Flammarion,
Fecha de publicación, distribución, etc. [1903?] (
Fabricante Imp. Hemmerle et Cie.)
300 ## - DESCRIPCIÓN FÍSICA
Extensión III. 430 p. :
Otras características físicas il. ;
Dimensiones 22 x 15 cm.
700 1# - ENTRADA AGREGADA--NOMBRE PERSONAL
Nombre de persona Rabot, Charles.
9 (RLIN) 94871
852 ## - LOCALIZACIÓN
Ubicación ES-MaACL
Número de control de estantería C-1976
Holdings
Estatus retirado Estado de pérdida Estado de daño No para préstamo Biblioteca de origen Biblioteca actual Ubicación en estantería Fecha de adquisición Fuente de adquisición Total de préstamos Signatura topográfica completa Código de barras Visto por última vez Precio de reemplazo Tipo de ítem Koha
        Biblioteca del Ateneo de Madrid Biblioteca del Ateneo de Madrid Sala Palomar 17/01/2008     C-1976 1155550 23/02/2023 23/02/2023 Libro impreso